| 000 | 00669nam a2200121Ia 4500 | ||
|---|---|---|---|
| 008 | 220615s9999||||xx |||||||||||||| ||und|| | ||
| 100 | _aRindzeviciute, Egle | ||
| 245 | 4 |
_aThe Power of Systems _bHow Policy Sciences Opened Up the Cold War World |
|
| 546 | _aEnglish[eng] | ||
| 650 | _aHistory||global climate change||iron curtain||cold war||Cybernetics||International Institute for Applied Systems Analysis||Soviet Union||Systems theory | ||
| 856 | _uhttps://library.oapen.org/bitstream/20.500.12657/31493/1/627444.pdf||https://library.oapen.org/bitstream/20.500.12657/31493/1/627444.pdf||https://library.oapen.org/bitstream/20.500.12657/31493/1/627444.pdf | ||
| 942 | _cEB | ||
| 999 |
_c17833 _d17833 |
||